00668nam a2200241 a 4500001001300000003000900013005001700022008004100039020001200080082001500092100002100107245002300128260002900151300000900180500003500189505001000224650002500234700002100259902000800280942000700288952011600295999001500411nice12345678IN_TiNIC20260116012246.0050524s1985 lona grp 000 0 eng  ac514.300a231.7bMON aMontefiore, Hugh aProbability of God aLondonbScm Press c1985 a177p aincludes index and biblioraphy2 aNotes aRevelation-Christian1 aMontefiore, Hugh bSRS cBK 001040708StackRoom-aHMIbHMId2007-06-15g514.30l0o231.7 MONp012462r2007-06-15v514.30w2005-05-24yBK c6276d6276